Responses for Show #8615 - Friday, April 8, 2022

Mattea Roach game 4.

Contestants

[<< previous game]

Abigail Davis, a college administrator from Clarkesville, Georgia

Tom Nucum, a real estate agent from Baltimore, Maryland

Mattea Roach, a tutor from Toronto, Ontario, Canada (whose 3-day cash winnings total $80,400)

[next game >>]

Jeopardy! Round responses

TELEVISION
MULTIPLE MEANINGS
POTPOURRI
PULITZER-WINNING CHARACTERS
(Mayim: Name the prize-winning play or musical.)
BEAN THERE
DONE THAT
    $200 1
The Amazing Race

Abigail
    $200 7
fast

Mattea
    $200 12
strawberries

Mattea
    $200 26
Hamilton

Mattea
    $200 4
soybeans

Tom
    $200 25
1948

Mattea
    $400 2
Joe Exotic

Mattea
    $400 8
stamp

Abigail
    $400 13
a corncob pipe

Abigail
    $400 27
A Streetcar Named Desire

Abigail
    $400 17
garbanzo beans

Mattea
    $400 24
(Tom: What's Pfizer?)

Moderna

MatteaTom
    $600 3
Juliette Lewis

Triple Stumper
    $600 9
drop

Mattea
    $600 14
(Abigail: What is the Colorado?)
(Tom: What's the Rio Grande?)

the Columbia River

TomAbigail
Triple Stumper
    $600 28
The Heidi Chronicles

Triple Stumper
    $600 18
Boston baked beans

Mattea
    $600 22
(Frank) Gehry

Mattea
    $800 5
And Just Like That

Mattea
    $800 10
train

Abigail
    $800 15
eucharist

Mattea
    $1,600 29
(Abigail: What is Biloxi Blues?)

Glengarry Glen Ross

Abigail
    $800 19
bean sprouts

Mattea
    $800 21
(Mattea: Who are Eisenhower and de Gaulle?)

Eisenhower & Churchill

Mattea
Triple Stumper
    $1000 6
American Masters

Triple Stumper
    $1000 11
scale

Triple Stumper
    $1000 16
Vasco da Gama

Triple Stumper
    $1000 30
How to Succeed in Business Without Really Trying

Mattea
    $1000 20
a kidney bean

Tom
    $1000 23
Wyoming

Mattea

Scores at the first commercial break (after clue 15):

Mattea Tom Abigail
$3,000 -$400 $1,200

Scores at the end of the Jeopardy! Round:

Mattea Tom Abigail
$7,400 $200 $0

Double Jeopardy! Round responses

AIN'T NO CENTURY LIKE THE 17th CENTURY
WHAT KIND OF PLACE IS THIS?
NORSE MYTHOLOGY
WRITING--IT'S A LIVING
R&B MUSIC
"EM"POWER
(Mayim: Responses start with "E-M".)
    $400 2
the Taj Mahal

Mattea
    $400 1
Oklahoma City

Mattea
    $400 19
Loki

Tom
    $400 24
romance novels

Abigail
    $400 26
"Respect"

Tom
    $400 9
emirate

Mattea
    $800 3
the Globe

Mattea
    $800 7
a hamlet

Triple Stumper
    $800 18
ravens

Mattea
    $800 25
copywriting

Mattea
    $800 27
Stevie Wonder

Mattea
    $800 10
eminence

Mattea
    $1200 4
Padua

Mattea
    $2,000 8
(Mattea: What is Peoria? That's in Illinois.)
[Mattea laughs]
(Mayim: It would be [*].)
(Mattea: Oh, pfft.)

Metropolis

Mattea
    $1200 16
Mjölnir

Tom
    $1200 21
(Mattea: What is a travel magazine?)
(Mayim: More specific?)
(Mattea: I--I don't--I don't know.)

an in-flight magazine

MatteaTom
    $1200 28
"Babyface"

Abigail
    $1200 11
emolument

Mattea
    $1600 5
the Edict of Nantes

Triple Stumper
    $1600 14
Provincetown

Mattea
    $1600 17
Midgard

Mattea
    $3,000 22
(Tom: What's pain?)

conflict

Tom
    $1600 29
Marvin Gaye

Mattea
    $1600 12
embouchure

Mattea
    $2000 6
John Locke

Mattea
    $2000 15
Fredericksburg

Tom
    $2000 20
(Tom: What's... "Yee-air-drin"?)

Yggdrasil

Tom
Triple Stumper
    $2000 23
as told to

Abigail
    $2000 30
Summer Walker

Mattea
    $2000 13
the Empty Quarter

Triple Stumper

Scores at the end of the Double Jeopardy! Round:

Mattea Tom Abigail
$22,200 $400 $3,600
(lock game)

[wagering suggestions for these scores]

Final Jeopardy! Round responses

19th CENTURY LITERATURE
TomWhat is Oliver Twist? (GG WP)
$100
AbigailWhat is Oliver Twist?
$2,500
MatteaWhat is Oliver Twist?
$2,000
Oliver Twist

Final scores:

Mattea Tom Abigail
$24,200 $500 $6,100
4-day champion: $104,600 3rd place: $1,000 2nd place: $2,000

Game dynamics:

Coryat scores:

Mattea Tom Abigail
$24,200 $3,400 $5,200
31 R,
3 W
(including 1 DD)
7 R,
4 W
(including 1 DD)
8 R,
2 W
(including 1 DD)

Combined Coryat: $32,800

[game clues] [game scores] [suggest correction]

Game tape date: 2022-01-27
The J! Archive is created by fans, for fans. Scraping, republication, monetization, and malicious use prohibited; this site may use cookies and collect identifying information. See terms. The Jeopardy! game show and all elements thereof, including but not limited to copyright and trademark thereto, are the property of Jeopardy Productions, Inc. and are protected under law. This website is not affiliated with, sponsored by, or operated by Jeopardy Productions, Inc. Join the discussion at JBoard.tv.